Vista normal
Vista MARC
Entrada Personal Name
Número de registros utilizados en: 1
001 - CONTROL NUMBER
- control field: 662
003 - CONTROL NUMBER IDENTIFIER
- control field: OSt
005 - DATE AND TIME OF LATEST TRANSACTION
- control field: 20110809130803.0
008 - FIXED-LENGTH DATA ELEMENTS
- fixed length control field: 110809|||a|||||| | ||| d
040 ## - CATALOGING SOURCE
- Original cataloging agency: OSt
- Transcribing agency: OSt
100 ## - HEADING--PERSONAL NAME
- Personal name: Galli, Amanda
- Relator term: Coord.
670 ## - SOURCE DATA FOUND
- Source citation: Work cat.: (OSt)745: Galli, Amanda Coord., Programa de Formación Docente Pedagógica : 7, Evaluación del desempeño II. Observación sistemática, encuestas y entrevistas, 1991.